Catherine the great : (Record no. 360021)
[ view plain ]
| 000 -LEADER | |
|---|---|
| fixed length control field | 00674nam a2200265Ia 4500 |
| 008 - FIXED-LENGTH DATA ELEMENTS--GENERAL INFORMATION | |
| fixed length control field | 181129s9999 xx 000 0 und d |
| 020 ## - INTERNATIONAL STANDARD BOOK NUMBER | |
| International Standard Book Number | 9780531207383 |
| 050 ## - LIBRARY OF CONGRESS CALL NUMBER | |
| Item number | V775 2009 |
| 100 ## - MAIN ENTRY--PERSONAL NAME | |
| Personal name | Vincent, Zu |
| 245 #0 - TITLE STATEMENT | |
| Title | Catherine the great : |
| 245 #0 - TITLE STATEMENT | |
| Remainder of title | empress oof Russia / |
| 245 #0 - TITLE STATEMENT | |
| Statement of responsibility, etc | by Zu Vincent. |
| 260 ## - PUBLICATION, DISTRIBUTION, ETC. (IMPRINT) | |
| Place of publication, distribution, etc | New York, NY : |
| 260 ## - PUBLICATION, DISTRIBUTION, ETC. (IMPRINT) | |
| Name of publisher, distributor, etc | Scholastic, |
| 260 ## - PUBLICATION, DISTRIBUTION, ETC. (IMPRINT) | |
| Date of publication, distribution, etc | 2009 |
| 300 ## - PHYSICAL DESCRIPTION | |
| Extent | 128 pages : |
| 300 ## - PHYSICAL DESCRIPTION | |
| Other physical details | color illustrations ; |
| 300 ## - PHYSICAL DESCRIPTION | |
| Dimensions | 17cm. |
| 440 ## - SERIES STATEMENT/ADDED ENTRY--TITLE | |
| Title | A wicked history. |
| 500 ## - GENERAL NOTE | |
| General note | 890L |
| 650 ## - SUBJECT ADDED ENTRY--TOPICAL TERM | |
| Topical term or geographic name as entry element | Catherine -- II, -- Empress of Russia. |
| 650 ## - SUBJECT ADDED ENTRY--TOPICAL TERM | |
| Topical term or geographic name as entry element | Empresses -- Rusia -- Biography. |
| 700 ## - ADDED ENTRY--PERSONAL NAME | |
| Personal name | Series. |
| 700 ## - ADDED ENTRY--PERSONAL NAME | |
| Personal name | Title. |
| Withdrawn status | Lost status | Damaged status | Home library | Current library | Shelving location | Date acquired | Total Checkouts | Full call number | Barcode | Date last seen | Price effective from | Koha item type |
|---|---|---|---|---|---|---|---|---|---|---|---|---|
| Stonyhurst Southville International School (Malarayat) | Stonyhurst Southville International School (Malarayat) | 11/29/2018 | LEX V775 2009 | SSISM5815 | 11/29/2018 | 11/29/2018 | Lexile |